000
002180000a22000970004500
100
1
_a
Hockstader, Lee
245
1
0
_a
How did we deserve this?
300
_a
Núm 57 (1998), Páginas 1-8
773
0
_t
Together
942
_c
ANA
999
_c
57131
_d
57131